| 000 | 01170cad a22002055a 4500 | ||
|---|---|---|---|
| 001 | L156836 | ||
| 008 | 120718e2012 xxk 000 0 eng d | ||
| 035 | _a(Sirsi) u156836 | ||
| 041 | 0 | _aeng | |
| 245 | 0 | 0 |
_aMagnogard Ltd v Earl Cadogan and Cadogan Estates Ltd _h[electronic resource] |
| 260 | _c2012 | ||
| 520 | _a[2012] EWCA Civ 594, 4 May 2012. The appellant leaseholder (M) claimed the right as a long leaseholder under the Leasehold Reform Act 1967 to acquire freehold of a property comprising of flats and shops. The respondent freeholder (E) claimed the building did not qualify for leasehold enfranchisement since it was not a house within the meaning of s2(1). "Held" appeal dismissed. A building constructed, laid out and used as a block of substantial self-contained flats could not reasonably called a house. | ||
| 590 | _aKA | ||
| 650 | 2 | 4 | _aEARL CADOGAN AND CADOGAN ESTATES LTD V MAGNOGARD LTD |
| 650 | 2 | 4 | _aLEASEHOLD REFORM ACT 1967 S2(1) |
| 651 | 4 | _aENGLAND AND WALES | |
| 690 |
_aLandlord and tenant _96252 |
||
| 856 | 4 | 0 |
_uhttps://www.bailii.org/ew/cases/EWCA/Civ/2012/594.html _zView the law report free of charge at www.bailii.org |
| 942 | _n0 | ||
| 999 |
_c84167 _d84167 |
||